Not a Definition Quiz Stats

 Plays Quiz Updated Oct 2, 2018

Score 0/20 Timer 05:00
2 Plays Today
Question Answer Wrong Answers
Iron The use of words to express something other than and especially the opposite of the literal meaning
88.8%
A silver-white magnetic heavy metallic element that readily rusts in moist air
1%
A household device usually with a flat metal base that is heated to smooth cloth
0.6%
A golf club that has a metal head and is identified by a number
1%
Fast Reduce one's speed or the speed of a vehicle or process
87.1%
Moving or capable of moving at high speed
0.8%
Consume no food for a period of time
1.2%
For a clock or watch, showing a time ahead of the correct time
2.8%
Face The inner surface of the hand between the wrist and fingers
86.8%
The front part of a person's head from the forehead to the chin
0.8%
Each of the surfaces of a solid
2.9%
A vertical or sloping side of a mountain or cliff
1.3%
Book Oppose or resist something oppressive or inevitable
86%
Reserve in advance
1.2%
Take the name of someone with a view to bringing a prosecution
3.7%
Sheets of paper with writing or printing on them
0.8%
Rock A quantity of banknotes
85.9%
The solid mineral material forming part of the surface of the earth
0.7%
A kind of hard confectionery in the form of cylindrical flavored sticks
4.2%
Move gently to and fro or from side to side
0.9%
Type To promote or publicize extravagantly
85.6%
A particular kind, class, or group
0.6%
Enter data into a computer by way of a keyboard
0.8%
A lower taxonomic category selected as a standard of reference for a higher category
4.4%
Turn A kind of bird that lives near the ocean
85.4%
Move in a circular direction wholly or partly round an axis or point
1.2%
One of a series of such opportunities accorded people in succession or in scheduled order
3.5%
To change the position of something so that the underside becomes the upper side
1.6%
Pipe A small songbird resembling the lark
84.1%
A long tube or hollow body for conducting a liquid
1.5%
A tubular wind instrument
5.5%
A device for smoking usually consisting of a tube having a bowl at one end and a mouthpiece at the other
0.7%
Toll A mythical, cave-dwelling being depicted in folklore
83.6%
A tax or fee paid for some liberty or privilege
0.9%
A grievous or ruinous price
3.5%
To sound with slow measured strokes
3.6%
Set The French for 'Seven'
83.4%
To disappear below the horizon
5%
To adjust a device to a desired position
2%
A number of things of the same kind that belong or are used together
1.7%
Foil To miss performing an expected service
82.7%
Prevent something considered wrong from succeeding
2.7%
Very thin sheet metal
1%
A light fencing sword
5.7%
Take Risk the loss of (something, such as money)
81.6%
Transfer into one's own keeping
2.2%
A distinct or personal point of view
2.5%
A single continuous recorded performance
5.4%
Sole The immaterial essence of an individual life
81.4%
A type of flatfish
4.1%
The undersurface of a foot
1.3%
Functioning independently and without assistance or interference
5.3%
Fence Low boggy wet land
81.2%
A barrier intended to prevent escape or intrusion or to mark a boundary
0.8%
A receiver of stolen goods
8.6%
To fight with swords
0.7%
Font Having an affection or liking for
81.1%
A receptacle in a church for the water used in baptism
2.4%
A complete set of type of one size and face
0.7%
A fountain
7.2%
Check A former native or inhabitant of western Czechoslovakia
77.4%
Examine in order to determine its accuracy, quality, or condition
1.1%
Suddenly stop what you are doing or saying
10%
A pattern in squares that resembles a checkerboard
3.1%
Light Extinguish a flame
76.8%
Not heavy
0.7%
Electromagnetic radiation of any wavelength
1.4%
Land or settle
13.2%
Dock A text file stored on a computer
66.5%
Port for the loading, unloading, and repair of ships
0.6%
A device in which a laptop, smartphone, or other mobile device may be placed for charging
0.9%
Broad-leaved weedy plant
23.9%
Put A light golf stroke made on the green
65.2%
To place in a specified location
0.9%
Fixed; stationary
6.4%
To bring up for consideration or judgment
19.4%
Jack Target stone in Curling
64.1%
Playing card ranking below the Queen
0.9%
Device for lifting a heavy body a short distance
4.3%
A small national flag flown by a ship
22.5%

You're not logged in!

Compare scores with friends on all Sporcle quizzes.
OR
Log In

Sporcle TV

Today on Sporcle TV


Watch our educational content, quiz creation guides, and fun videos on Sporcle TV.

Show Comments

Extras

Top Quizzes Today


Score Distribution

Your Account Isn't Verified!

In order to create a playlist on Sporcle, you need to verify the email address you used during registration. Go to your Sporcle Settings to finish the process.

Report this User

Report this user for behavior that violates our Community Guidelines.

Details: